00873pam a2200253 a 45000010008000000030005000080050017000130080041000300100017000710200025000880400018001130500021001310820016001521000028001682450181001962600053003773000034004305000008004645040039004726500031005116500030005426500019005727000028005914328575NUST20171005123632.0880426s1989 njua b 001 0 eng  a 88015543  a0132831775 :c$34.50 aDLCcDLCdDLC00aTD146b.H45 198900a628 HEN2191 aHenry, J. Glynn,d1926-10aEnvironmental science and engineering /cby J. Glynn Henry and Gary W. Heinke ; with contributions by other staff members of the University of Toronto, Ian Burton ... [et al.]. aEnglewood Cliffs, N.J. :bPrentice Hall,cc1989. axix, 728 p. :bill. ;c24 cm. aH.B aIncludes bibliographies and index. 0aEnvironmental engineering. 0aEnvironmental protection. 0aHuman ecology.1 aHeinke, Gary W.,d1932-